书目信息 |
| 题名: |
音乐疗法
|
|
| 作者: | 达恩利-史密斯 , 佩蒂 著 ;陈晓莉 译 | |
| 分册: | ||
| 出版信息: | 重庆 重庆大学出版社 2016 |
|
| 页数: | 213页 | |
| 开本: | 22cm | |
| 丛书名: | 创造性疗法丛书 | |
| 单 册: | ||
| 中图分类: | R454.3 | |
| 科图分类: | ||
| 主题词: | 音乐疗法--yin le liao fa | |
| 电子资源: | ||
| ISBN: | 978-7-5624-9580-2 | |
| 000 | 01327nam0 22003011 450 | |
| 001 | 1754529527 | |
| 005 | 20170516112211.0 | |
| 010 | @a978-7-5624-9580-2@b精装@dCNY49.00 | |
| 100 | @a20160923d2016 em y0chiy50 ea | |
| 101 | 1 | @achi@ceng |
| 102 | @aCN@b500000 | |
| 105 | @ay z 000yy | |
| 106 | @ar | |
| 200 | 1 | @a音乐疗法@9yin le liao fa@f(英)蕾切尔·达恩利-史密斯(Rachel Darnley-Smith),(英)海伦·M. 佩蒂(Helen M. Patey)著@g陈晓莉译 |
| 210 | @a重庆@c重庆大学出版社@d2016 | |
| 215 | @a213页@d22cm | |
| 225 | 2 | @a创造性疗法丛书@9chuang zao xing liao fa cong shu |
| 312 | @a版权页英文题名: Music therapy | |
| 330 | @a本书以平实的语言介绍了当代音乐治疗的培训与咨询实务,音乐咨询的原则,以及音乐治疗的理论基础,并对音乐治疗的两种方法做了介绍:分析音乐治疗以及Nordoff- Robbins音乐治疗。作者根据治疗实例分析了临床治疗所遇到的各种情况,并以案例加以说明。音乐治疗所针对的对象有很多,例如,孤独症、学习障碍、心理疾患等。 | |
| 461 | 0 | @12001 @a创造性疗法丛书 |
| 510 | 1 | @aMusic therapy@zeng |
| 606 | 0 | @a音乐疗法@9yin le liao fa |
| 690 | @aR454.3@v5 | |
| 701 | 0 | @c(英)@a达恩利-史密斯@9da en li -shi mi si@c(Darnley-Smith, Rachel)@4著 |
| 701 | 0 | @c(英)@a佩蒂@9pei di@c(Patey, Helen M.)@4著 |
| 702 | 0 | @a陈晓莉@9chen xiao li@f(1964-)@4译 |
| 801 | 0 | @aCN@b百万庄@c20170513 |
| 905 | @b1006158-63@dR454.3@e110@f6 | |
| 音乐疗法/(英)蕾切尔·达恩利-史密斯(Rachel Darnley-Smith),(英)海伦·M. 佩蒂(Helen M. Patey)著/陈晓莉译.-重庆:重庆大学出版社,2016 |
| 213页;22cm.-(创造性疗法丛书) |
| ISBN 978-7-5624-9580-2(精装):CNY49.00 |
| 本书以平实的语言介绍了当代音乐治疗的培训与咨询实务,音乐咨询的原则,以及音乐治疗的理论基础,并对音乐治疗的两种方法做了介绍:分析音乐治疗以及Nordoff- Robbins音乐治疗。作者根据治疗实例分析了临床治疗所遇到的各种情况,并以案例加以说明。音乐治疗所针对的对象有很多,例如,孤独症、学习障碍、心理疾患等。 |
| ● |
| 相关链接 |
|
|
|
|
正题名:音乐疗法
索取号:R454.3/110
 
预约/预借
| 序号 | 登录号 | 条形码 | 馆藏地/架位号 | 状态 | 备注 |
| 1 | 1006158 | 210061582 | 第二样本阅览室/ [索取号:R454.3/110] | 在馆 | |
| 2 | 1006159 | 210061591 | 教育系资料室/ [索取号:R454.3/110] | 在馆 | |
| 3 | 1006160 | 210061608 | 教育系资料室/ [索取号:R454.3/110] | 在馆 | |
| 4 | 1006161 | 210061617 | 教育系资料室/ [索取号:R454.3/110] | 在馆 | |
| 5 | 1006162 | 210061626 | 第三借阅区/ [索取号:R454.3/110] | 在馆 | |
| 6 | 1006163 | 210061635 | 第三借阅区/ [索取号:R454.3/110] | 在馆 |